|
|
|
|
| LEADER |
00000cam a2200000 7i4500 |
| 001 |
0000001281 |
| 005 |
20140404.0 |
| 020 |
0 |
0 |
|a 9290433833
|
| 090 |
0 |
0 |
|a 634.61
|b COC 1998
|
| 245 |
0 |
0 |
|a COCONUT breeding :
|b Papers presented at a Workshop on Standardization of Coconut Breeding Research Techniques, 20-25 June 1994, Port Bouet, Cote d'Ivoire
|c editors, Pons A. Batugal and V.Ramanatha Rao
|
| 260 |
0 |
0 |
|a Serdang, Selangor :
|b International Plant Genetic Resources Institute (IPGRI) ,
|c 1998
|
| 300 |
|
|
|a iv, 150 p. ;
|c 30 cm.
|
| 650 |
0 |
0 |
|a Coconut
|x Congresses
|
| 700 |
0 |
1 |
|a Batugal
|h Pons A.
|
| 700 |
0 |
1 |
|a Rao
|h V. Ramanatha
|
| 710 |
1 |
1 |
|a International Plant Genetic Resources Institute (IPGRI)
|
| 998 |
|
|
|a JPSM
|
| 999 |
|
|
|a 0000002237
|b Monograph
|c Open Shelf
|e Default branch
|